Корнеплоды - основа крестьянского хозяйства (Запись № 10147079)

Подробности
000 -МАРКЕР
контрольное поле 01186nam0a22003131 4500
001 - ИДЕНТИФИКАТОР ЗАПИСИ
контрольное поле RU\NLR\A1SV\112214
005 - ИДЕНТИФИКАТОР ВЕРСИИ
контрольное поле 20251203171251.9
035 ## - ДРУГИЕ СИСТЕМНЫЕ НОМЕРА
Идентификатор записи (NLR Aleph) 009793567
100 ## - ДАННЫЕ ОБЩЕЙ ОБРАБОТКИ
Данные общей обработки 20120210d1923 u y0rusy50 ca
101 0# - ЯЗЫК РЕСУРСА
Язык текста, звукозаписи и т.д. русский
102 ## - СТРАНА ПУБЛИКАЦИИ ИЛИ ПРОИЗВОДСТВА
Страна публикации российская федерация
200 1# - ЗАГЛАВИЕ И СВЕДЕНИЯ ОБ ОТВЕТСТВЕННОСТИ
Основное заглавие Корнеплоды - основа крестьянского хозяйства
Первые сведения об ответственности Н.Свидерский
210 ## - ПУБЛИКАЦИЯ, РАСПРОСТРАНЕНИЕ И ДР.
Место издания, распространения и т.д. М.
-- Пг.
Имя издателя, распространителя и т. д. Гос. изд-во
Дата издания, распространения и т.д. 1923
215 ## - ФИЗИЧЕСКАЯ ХАРАКТЕРИСТИКА
Специфическое обозначение материала и объем 64, [2] с.
Другие сведения о физической характеристике ил.
Размеры 18 см
225 ## - СЕРИЯ
Основное заглавие серии Для крестьян и рабочих
Сведения, относящиеся к заглавию Полевое хоз-во
Обозначение тома №29
300 ## - ОБЩИЕ ПРИМЕЧАНИЯ
Текст примечания Напеч. в Петрограде
451 #1 - ДРУГОЕ ИЗДАНИЕ [КАТАЛОГИЗИРУЕМОГО ДОКУМЕНТА] НА АНАЛОГИЧНОМ НОСИТЕЛЕ
Встроенное поле 001RU\NLR\A1SV\112216
Системный номер (АБИС) связанной записи 10147087
Автор Свидерский, Н.С.
Место публикации Л.
Дата публикации 1925
Издание 2-е изд.
Первые сведения об ответственности Н.Свидерский
Имя издателя, распространителя и т.д. Гос. изд-во
Физическая характеристика 88 с.
Заглавие Корнеплоды - основа крестьянского хозяйства
620 ## - МЕСТО И ДАТА ПУБЛИКАЦИИ, ИСПОЛНЕНИЯ И Т. Д.
Город Санкт-Петербург
620 ## - МЕСТО И ДАТА ПУБЛИКАЦИИ, ИСПОЛНЕНИЯ И Т. Д.
Город Москва
700 #1 - ИМЯ ЛИЦА - ПЕРВИЧНАЯ ОТВЕТСТВЕННОСТЬ
Начальный элемент ввода Свидерский
Часть имени, кроме начального элемента ввода Н.С.
801 #0 - ИСТОЧНИК ЗАПИСИ
Страна российская федерация
Организация NLR
Дата составления 20120210
852 ## - МЕСТОНАХОЖДЕНИЕ И ШИФР ХРАНЕНИЯ
Идентификатор организации NLR
Шифр хранения (Call Number) 37.77.6.122/29
899 ## - ДАННЫЕ О МЕСТОНАХОЖДЕНИИ (устаревшее)
Местонахождение РГБ
899 ## - ДАННЫЕ О МЕСТОНАХОЖДЕНИИ (устаревшее)
Местонахождение КирОУНБ
942 ## - ДОПОЛНИТЕЛЬНЫЕ ЭЛЕМЕНТЫ ЗАПИСИ (АБИС)
Тип экземпляра АБИС Книга
980 ## - КОЛЛЕКЦИЯ
Название коллекции Национальная библиография
980 ## - КОЛЛЕКЦИЯ
Название коллекции Международный сводный каталог русской книги (1918-1926)

Нет доступных экземпляров.